<?xml version="1.0" encoding="UTF-8"?>
<record
    xmlns:xsi="http://www.w3.org/2001/XMLSchema-instance"
    xsi:schemaLocation="http://www.loc.gov/MARC21/slim http://www.loc.gov/standards/marcxml/schema/MARC21slim.xsd"
    xmlns="http://www.loc.gov/MARC21/slim">

  <leader>00957nam a2200205Ia 4500</leader>
  <datafield tag="952" ind1=" " ind2=" ">
    <subfield code="0">0</subfield>
    <subfield code="1">0</subfield>
    <subfield code="4">0</subfield>
    <subfield code="7">0</subfield>
    <subfield code="a">11</subfield>
    <subfield code="b">11</subfield>
    <subfield code="d">2007-01-08</subfield>
    <subfield code="l">1</subfield>
    <subfield code="o">F1219 C53 2000</subfield>
    <subfield code="p">11 006154</subfield>
    <subfield code="r">2014-06-22</subfield>
    <subfield code="s">2014-06-22</subfield>
    <subfield code="t">1</subfield>
    <subfield code="w">2012-06-26</subfield>
    <subfield code="y">LB</subfield>
  </datafield>
  <datafield tag="952" ind1=" " ind2=" ">
    <subfield code="0">0</subfield>
    <subfield code="1">0</subfield>
    <subfield code="2">lcc</subfield>
    <subfield code="4">0</subfield>
    <subfield code="7">0</subfield>
    <subfield code="a">01</subfield>
    <subfield code="b">01</subfield>
    <subfield code="d">2022-10-03</subfield>
    <subfield code="l">0</subfield>
    <subfield code="o">F1219 C53 2000</subfield>
    <subfield code="p">16 002234</subfield>
    <subfield code="r">2023-07-12</subfield>
    <subfield code="t">1</subfield>
    <subfield code="w">2022-10-03</subfield>
    <subfield code="y">LB</subfield>
  </datafield>
  <datafield tag="999" ind1=" " ind2=" ">
    <subfield code="c">71422</subfield>
    <subfield code="d">71422</subfield>
  </datafield>
  <controlfield tag="008">120626s2000    mx b          000 0 spa d</controlfield>
  <datafield tag="020" ind1=" " ind2=" ">
    <subfield code="a">9686871225</subfield>
  </datafield>
  <datafield tag="050" ind1=" " ind2=" ">
    <subfield code="a">F1219</subfield>
    <subfield code="b">C53 2000</subfield>
  </datafield>
  <datafield tag="100" ind1=" " ind2=" ">
    <subfield code="a">Clavigero, Francisco Xavier</subfield>
    <subfield code="e">autor </subfield>
  </datafield>
  <datafield tag="245" ind1=" " ind2=" ">
    <subfield code="a">Historia antigua de M&#xE9;xico, Tomo II </subfield>
    <subfield code="c">/ Francisco Xavier, Clavigero; pr&#xF3;logo de Luis, Gonz&#xE1;lez; ep&#xED;logo de El&#xED;as, Trabulse</subfield>
  </datafield>
  <datafield tag="260" ind1=" " ind2=" ">
    <subfield code="a">M&#xE9;xico</subfield>
    <subfield code="b">: Factoria Ediciones </subfield>
    <subfield code="c">, 2000 </subfield>
  </datafield>
  <datafield tag="300" ind1=" " ind2=" ">
    <subfield code="a">iv, 449 p&#xE1;ginas </subfield>
    <subfield code="b">: mapas</subfield>
  </datafield>
  <datafield tag="500" ind1=" " ind2=" ">
    <subfield code="a">Facs&#xED;mil de la edici&#xF3;n de Ackermann 1826</subfield>
  </datafield>
  <datafield tag="500" ind1=" " ind2=" ">
    <subfield code="a">Incluye: Ep&#xED;logo de El&#xED;as Trabulse (pp. 1 - 27) </subfield>
  </datafield>
  <datafield tag="505" ind1=" " ind2=" ">
    <subfield code="a">Libro octavo  
Libro Nono  
Libro d&#xE9;cimo  
Descendencia del rei Moteuczoma  
Decendencia de Hernan Cort&#xE9;s  
Sobre la tierra, los animales y los habitantes de megico  </subfield>
  </datafield>
  <datafield tag="519" ind1=" " ind2=" ">
    <subfield code="a">Material complementario / </subfield>
    <subfield code="d">(11 00 6155 )</subfield>
  </datafield>
  <datafield tag="650" ind1=" " ind2="0">
    <subfield code="a">INDIOS DE M&#xC9;XICO</subfield>
    <subfield code="x">HISTORIOGRAF&#xCD;A</subfield>
  </datafield>
  <datafield tag="650" ind1=" " ind2="0">
    <subfield code="a">M&#xC9;XICO </subfield>
    <subfield code="x">HISTORIA CONQUISTA</subfield>
    <subfield code="y">1519-1540</subfield>
  </datafield>
  <datafield tag="942" ind1=" " ind2=" ">
    <subfield code="c">LB</subfield>
  </datafield>
</record>
